000 00768nam a2200253Ia 4500
003 OSt
005 20221005112936.0
006 a|||||r|||| 00| 0
007 ta
008 221004b |||||||| |||| 00| 0 pan d
020 _a9788175992412 (hbk)
_c600
024 _a116312
037 _b657, 22/03/2012, H.K. Prakashan
_cTextual
040 _aCRL
_cCRL
_bpan
041 _2pan
_apan
082 _aO153,3x, Q2
100 _aਜਿੰਦਰ
245 0 _aਤਹਿਗ਼ੀਬ
260 _aਦਿੱਲੀ
_bਨਵਯੁਗ ਭਾਰਤ
_c2012
300 _a582ਪੰ
_ccm.
650 _aਪੰਜਾਬੀ ਸਾਹਿਤ
942 _hO153,3x, Q2
_cTEXL
_2cc
999 _c1026510
_d1026510